| 000 | 00865nam a2200229 a 4500 | ||
|---|---|---|---|
| 008 | 120416s1975 ||||||||||||||||| || u | ||
| 020 | _a0565056247 | ||
| 050 | _aQE 919 Bri | ||
| 110 | _aBritish Museum (Natural History) | ||
| 245 | 1 | 0 | _aBritish palaeozoic fossils |
| 250 | _a4th ed. | ||
| 260 |
_aLondon _bBritish Museum _c1975 |
||
| 300 | _avi, 203 p., plate : ill. | ||
| 350 | _a0.00 | ||
| 490 | _aPublication - British Museum (Natural History) | ||
| 490 | _v no. 624 ;Publication (British Museum (Natural History)) ; no. 624. | ||
| 500 | _aIncludes index. -Bibliography | ||
| 650 | _aFossils- - Great Britain | ||
| 650 | _aGEOLOGY--STUDY AND TEACHING | ||
| 650 | _aPaleontology - -Paleozoic | ||
| 995 |
_D0.00 _FCBU-MAIN LIBRARY (Kitwe) _H1 _I8.95 _M1 _UAVAILABLE _ZAnnex Low-Usage Collection |
||
| 999 |
_c36164 _d36164 |
||